000
00302nam a22001337a 4500
008
170801b xxu||||| |||| 00| 0 eng d
020
_a
9780471104261
041
_a
eng
080
_2
3RD
_a
004
100
_a
32
101
_a
SHK
245
_a
PROGRAMMING LANGUAGE CONCEPTS
_c
GHEZZI,C
942
_2
udc
_c
BK
999
_c
22322
_d
22322